000 00476nam a2200157Ia 4500
008 220216s9999 xx 000 0 und d
100 _aSau K P
245 4 _aThe Effect of compressive strain and stress on electrical conductivity of conductive rubber composites
260 _bRubber Chemistry and Technology
_c2000
300 _a310-324
650 _aCompressive strain
650 _aElectrical conductivity
700 _aChaki T K
700 _aKhastgir D
942 _cJS
999 _c70604
_d70604